[Event "Challenge"]
[Site "http://www.queenalice.com/game.php?id=1115400"]
[Date "2012.10.23"]
[Round "-"]
[White "chicobarretov"]
[Black "Oguh"]
[Result "1-0"]
[WhiteElo "1888"]
[BlackElo "1828"]

1. e4 c5 2. Nf3 d5 3. exd5 Nf6 4. Bb5+ Bd7 5. Bxd7+ Qxd7 6. d3 Qxd5 7. Nc3 Qe6+
8. Qe2 Qxe2+ 9. Nxe2 e6 10. O-O Bd6 11. Bg5 Nbd7 12. c4 O-O 13. Rfd1 e5 14. Nc3
a6 15. a4 h6 16. Bxf6 Nxf6 17. Ne4 Nxe4 18. dxe4 Rad8 19. g3 g5 20. Rd3 Rd7 21.
Nxe5 Re7 22. Ng4 Re6 23. f3 h5 24. Nf2 Rd8 25. Rad1 Kf8 26. e5 Ke7 27. exd6+
Rdxd6 28. Rxd6 Rxd6 29. Rxd6 Kxd6 30. Ne4+ Ke5 31. Nxg5 f6 32. Ne4 1-0

[Event "Challenge"]
[Site "http://www.queenalice.com/game.php?id=1115401"]
[Date "2012.10.23"]
[Round "-"]
[White "Oguh"]
[Black "chicobarretov"]
[Result "1-0"]
[WhiteElo "1738"]
[BlackElo "1934"]

1. e4 e5 2. Nf3 Nc6 3. Bb5 Bd6 4. Bxc6 dxc6 5. d4 Qf6 6. Bg5 Qg6 7. Nc3 f6 8.
Be3 Bd7 9. Qd3 Ne7 10. a3 Be6 11. g3 Qf7 12. dxe5 fxe5 13. Ng5 Qg6 14. O-O-O O-O
15. Rdf1 Bd7 16. h4 h6 17. Nh3 Bg4 18. Ng1 a6 19. Bd2 Rad8 20. Qe3 b5 21. f3 Be6
22. g4 Qe8 23. h5 Bc4 24. Rf2 Bf7 25. Nge2 Kh7 26. f4 Ng8 27. f5 Be7 28. Qg3 Rd6
29. Qxe5 Qd8 30. Be3 Re8 31. Qg3 Bg5 32. e5 Bxe3+ 33. Qxe3 Bc4 34. Qf4 Rd7 35.
Rd1 Bd5 36. Nd4 Qg5 37. Qxg5 hxg5 38. Ne6 Bxe6 39. fxe6 Rxd1+ 40. Kxd1 Rxe6 41.
Rf5 Nh6 42. Rxg5 Nf7 43. Rf5 Nxe5 44. Rf4 Nc4 45. Kc1 Re1+ 46. Nd1 Ne5 47. Kd2
Rg1 48. Ne3 Kh6 49. Ke2 g6 50. Re4 Nf7 51. hxg6 Kxg6 52. Re6+ Kg5 53. Re7 Nh6
54. Rxc7 Nxg4 55. Nxg4 Rxg4 56. Rg7+ Kf4 57. Rxg4+ Kxg4 58. Ke3 c5 59. Ke4 c4
60. b3 cxb3 61. cxb3 Kg5 62. Kd5 Kf4 63. Kc5 Ke4 64. b4 1-0

[Event "Challenge"]
[Site "http://www.queenalice.com/game.php?id=1124391"]
[Date "2012.11.21"]
[Round "-"]
[White "rdaigle2003"]
[Black "Oguh"]
[Result "0-1"]
[WhiteElo "1708"]
[BlackElo "1820"]

1. e4 e5 2. Nf3 Nc6 3. Bc4 Nf6 4. Ng5 d5 5. exd5 Nxd5 6. Qf3 Be6 7. Nxe6 fxe6 8.
Nc3 Qf6 9. Qxf6 Nxf6 10. Bxe6 Nd4 11. Bb3 a5 12. Ba4+ c6 13. a3 b5 14. O-O bxa4
15. Rb1 Nxc2 16. Nxa4 Nd7 17. Nc3 Rb8 18. d3 Be7 19. a4 O-O 20. b3 Nc5 21. Rb2
Nb4 22. Be3 Ncxd3 23. Rbb1 Rbd8 24. Bb6 Ra8 25. Nd1 Nd5 26. Be3 N3b4 27. Rc1
Rac8 28. Nb2 Nxe3 29. fxe3 Rxf1+ 30. Rxf1 Rf8 31. Rd1 Rd8 0-1

[Event "Challenge"]
[Site "http://www.queenalice.com/game.php?id=1124392"]
[Date "2012.11.21"]
[Round "-"]
[White "Oguh"]
[Black "rdaigle2003"]
[Result "1-0"]
[WhiteElo "1807"]
[BlackElo "1721"]

1. e4 c5 2. c4 d6 3. Nc3 Nf6 4. Nf3 e6 5. g3 a6 6. a4 Be7 7. Bg2 Nc6 8. O-O O-O
9. d3 Qb6 10. Qd2 Nd4 11. Nxd4 cxd4 12. Ne2 e5 13. b4 h6 14. a5 Qc7 15. Ba3 Bg4
16. f3 Bh5 17. g4 Bg6 18. h3 b6 19. f4 exf4 20. Nxf4 Bh7 21. Bf3 Rab8 22. h4
bxa5 23. bxa5 g5 24. hxg5 hxg5 25. Nh3 Nd7 26. Nxg5 Qd8 27. Nxh7 Kxh7 28. Qh2+
Bh4 29. Bxd6 Rh8 30. Bxb8 Kg7 31. Bg3 Bg5 32. Qb2 Be3+ 33. Kg2 1-0

[Event "Challenge"]
[Site "http://www.queenalice.com/game.php?id=1128302"]
[Date "2012.12.4"]
[Round "-"]
[White "cardosorafael"]
[Black "Oguh"]
[Result "1-0"]
[WhiteElo "1982"]
[BlackElo "1688"]

1. e4 e5 2. Nf3 Nc6 3. Bb5 Nd4 4. Nxd4 exd4 5. O-O c6 6. Be2 d6 7. d3 Be7 8. Bf4
g5 9. Bg3 h5 10. h3 g4 11. hxg4 Bxg4 12. Bxg4 hxg4 13. Qxg4 Qd7 14. Qxd7+ Kxd7
15. Nd2 Nf6 16. Nf3 Ng4 17. Nxd4 Bh4 18. Bxh4 Rxh4 19. f3 Ne5 20. Kf2 Rah8 21.
Nf5 Rh2 22. Rg1 R8h7 23. Raf1 b5 24. Ke1 c5 25. Rf2 Ke6 26. g4 R2h3 27. Ke2 f6
28. Ne3 c4 29. Nd5 a5 30. d4 Ng6 31. c3 b4 32. cxb4 axb4 33. Nxb4 Nf4+ 34. Ke3
Ng6 35. d5+ Kd7 36. Kd4 Ne5 37. Rgf1 Rg3 38. Nc2 1-0

[Event "Challenge"]
[Site "http://www.queenalice.com/game.php?id=1128303"]
[Date "2012.12.4"]
[Round "-"]
[White "Oguh"]
[Black "cardosorafael"]
[Result "0-1"]
[WhiteElo "1695"]
[BlackElo "1965"]

1. e4 e5 2. Bc4 Nf6 3. Nc3 Be7 4. Nf3 d6 5. d4 Nbd7 6. Be3 O-O 7. O-O Nb6 8. Bb3
Bg4 9. h3 Bh5 10. g4 Bg6 11. dxe5 Nxe4 12. Nxe4 Bxe4 13. Nd2 Bc6 14. Bd4 dxe5
15. Bxe5 Bc5 16. Qe2 Qh4 17. Qd3 Rad8 18. Qc3 Rxd2 19. Qg3 Qxg3+ 20. Bxg3 Nd5
21. a3 Bb6 22. c4 Nf6 23. Rac1 Rxb2 24. Rb1 Rxb1 25. Rxb1 Re8 26. a4 g6 27. Rd1
Bf3 28. Rc1 Re2 29. Kf1 Ne4 30. Rc2 Nd2+ 31. Rxd2 Rxd2 32. Ke1 Rb2 33. a5 Bxa5+
34. Kf1 Rxb3 0-1

[Event "AUTO-ADV-2712"]
[Site "http://www.queenalice.com/game.php?id=1134371"]
[Date "2012.12.25"]
[Round "1"]
[White "barrai"]
[Black "Oguh"]
[Result "1-0"]
[WhiteElo "2074"]
[BlackElo "1810"]

1. e4 e5 2. Bc4 Nf6 3. d3 Nc6 4. Bd2 Be7 5. Nf3 h6 6. O-O O-O 7. a4 a5 8. c3 b6
9. Ba2 Ba6 10. Be3 Rb8 11. Nh4 d5 12. f4 dxe4 13. Ng6 Bxd3 14. fxe5 Bxf1 15.
Qxf1 Nd5 16. Bxd5 Qxd5 17. c4 Qe6 18. Nxf8 Rxf8 19. Nc3 Qxe5 20. Rb1 Bc5 21. Nd5
Nd4 22. Kh1 Ne6 23. Bd2 c6 24. Bc3 Nd4 25. Qf4 f6 26. Bxd4 Bxd4 27. Qxe5 fxe5
28. Ne7+ Kh7 29. Nxc6 Bxb2 30. h3 1-0

[Event "AUTO-ADV-2712"]
[Site "http://www.queenalice.com/game.php?id=1134372"]
[Date "2012.12.25"]
[Round "1"]
[White "Oguh"]
[Black "barrai"]
[Result "0-1"]
[WhiteElo "1805"]
[BlackElo "2079"]

1. e4 c5 2. c4 e5 3. Nc3 d6 4. Nd5 Be6 5. d3 Ne7 6. f4 Nbc6 7. f5 Bxd5 8. cxd5
Nd4 9. Be3 Qa5+ 10. Bd2 Qc7 11. a4 h5 12. Bc3 f6 13. Rc1 Qb6 14. Bxd4 exd4 15.
Qd2 a5 16. Be2 g5 17. fxg6 Nxg6 18. Nf3 Bh6 19. Qc2 Bxc1 20. Qxc1 Ne5 21. Nh4
Qb4+ 22. Qd2 Kd7 23. Qxb4 axb4 24. b3 b5 25. O-O bxa4 26. bxa4 Rh6 27. Ra1 b3
28. Rb1 Rb8 29. h3 c4 0-1

[Event "AUTO-ADV-2712"]
[Site "http://www.queenalice.com/game.php?id=1134387"]
[Date "2012.12.25"]
[Round "1"]
[White "Oguh"]
[Black "Corvidae"]
[Result "0-1"]
[WhiteElo "1815"]
[BlackElo "1836"]

1. e4 d5 2. exd5 Qxd5 3. Qf3 Nf6 4. Qxd5 Nxd5 5. Nc3 Nxc3 6. bxc3 Bf5 7. Bd3
Bxd3 8. cxd3 e6 9. Nf3 Nc6 10. O-O O-O-O 11. d4 Bd6 12. d3 h6 13. Bb2 f6 14. Nd2
Rh7 15. c4 Be7 16. Nb3 b6 17. Bc3 a5 18. Rae1 Bb4 19. Bxb4 Nxb4 20. Rxe6 Nxd3
21. d5 Rhh8 22. Rd1 Nb2 23. Rd4 Rhe8 24. g3 Rxe6 25. dxe6 Rxd4 0-1

[Event "AUTO-ADV-2712"]
[Site "http://www.queenalice.com/game.php?id=1134388"]
[Date "2012.12.25"]
[Round "1"]
[White "Corvidae"]
[Black "Oguh"]
[Result "1-0"]
[WhiteElo "1819"]
[BlackElo "1832"]

1. Nf3 d5 2. d4 Nc6 3. Bf4 Nf6 4. h3 h6 5. e3 g5 6. Be5 Bg7 7. Nc3 Be6 8. Bb5
Qd7 9. O-O a6 10. Bxc6 Qxc6 11. Nh2 Qd7 12. Qd2 a5 13. a4 c6 14. Ne2 Ne4 15. Qd1
Bxe5 16. dxe5 f6 17. exf6 Nxf6 18. Nd4 Rf8 19. Nxe6 Qxe6 20. Qd4 Ra6 21. Nf3 Nd7
22. Rfe1 c5 23. Qd3 Rf7 24. Kf1 Rb6 25. b3 Rd6 26. Qb5 1-0

[Event "AUTO-ADV-2712"]
[Site "http://www.queenalice.com/game.php?id=1134389"]
[Date "2012.12.25"]
[Round "1"]
[White "Oguh"]
[Black "goreb83"]
[Result "1-0"]
[WhiteElo "1684"]
[BlackElo "1778"]

1. e4 c5 2. c4 Nc6 3. Nf3 d6 4. d3 g6 5. Nc3 Bg7 6. Bd2 Bg4 7. Be2 e6 8. h3 Bxf3
9. Bxf3 Nge7 10. Be3 Nd4 11. O-O Nec6 12. a4 O-O 13. Rb1 a6 14. g3 Ne5 15. Bg2
f5 16. Bxd4 cxd4 17. Ne2 Nc6 18. exf5 Rxf5 19. Nf4 Qd7 20. Qd2 Bh6 21. Qd1 Bxf4
22. gxf4 Rxf4 23. Qd2 Raf8 24. f3 Ne7 25. b3 b6 26. Rbe1 e5 27. Re4 Qf5 28. Kh2
Qg5 29. Rg1 Qh4 30. Rxf4 Rxf4 31. Re1 Nf5 32. Re4 Qg3+ 33. Kg1 Rxf3 34. Rg4 Rxd3
35. Qc1 Qe3+ 36. Qxe3 Nxe3 37. Rg3 Kg7 38. b4 Rd1+ 39. Kf2 Nxg2 40. Kxg2 e4 41.
Kf2 e3+ 42. Ke2 Rd2+ 43. Ke1 Kf6 44. Rg4 1-0

[Event "AUTO-ADV-2712"]
[Site "http://www.queenalice.com/game.php?id=1134390"]
[Date "2012.12.25"]
[Round "1"]
[White "goreb83"]
[Black "Oguh"]
[Result "0-1"]
[WhiteElo "1778"]
[BlackElo "1684"]

1. d4 d5 2. c4 Nf6 3. Nc3 c6 4. Bg5 Ne4 5. Nxe4 dxe4 6. g3 h6 7. Bf4 g5 8. Be3
Bg7 9. Bg2 f5 10. Qb3 Be6 11. O-O-O b6 12. d5 cxd5 13. cxd5 Bf7 14. f3 exf3 15.
Nxf3 Nd7 16. Nd4 Bxd4 17. Bxd4 Rg8 18. Qe3 Rc8+ 19. Kb1 Bg6 20. Ka1 Nc5 21. Bxc5
Rxc5 22. Qe6 Kf8 23. d6 exd6 24. Bd5 Rg7 25. Bb3 Qe7 26. Rxd6 Qxe6 27. Rxe6 Rcc7
28. Rd1 Rc8 29. a3 Bf7 30. Rf6 Ke7 31. Rxf7+ Rxf7 32. Bxf7 Kxf7 33. Kb1 Ke7 34.
b4 Rd8 35. Rxd8 Kxd8 36. Kc2 Kd7 37. Kd3 Ke6 38. Kd4 h5 39. e4 h4 40. exf5+ Kxf5
41. gxh4 gxh4 42. Kc4 a6 43. b5 a5 44. Kd5 Kf4 0-1

[Event "AUTO-ADV-2574"]
[Site "http://www.queenalice.com/game.php?id=1176006"]
[Date "2013.4.28"]
[Round "2"]
[White "Oguh"]
[Black "Modaste"]
[Result "0-1"]
[WhiteElo "1690"]
[BlackElo "2067"]

1. e4 e5 2. Nf3 Nc6 3. Nc3 Nf6 4. a3 Be7 5. Bc4 O-O 6. b4 d6 7. Qe2 Bg4 8. h3
Nd4 9. Qd3 Nxf3+ 10. gxf3 Bh5 11. Bb2 c6 12. O-O-O b5 13. Ba2 a5 14. Rdg1 axb4
15. axb4 Bg6 16. Qe3 d5 17. d3 d4 0-1

[Event "AUTO-ADV-2574"]
[Site "http://www.queenalice.com/game.php?id=1176007"]
[Date "2013.4.28"]
[Round "2"]
[White "Modaste"]
[Black "Oguh"]
[Result "1-0"]
[WhiteElo "1985"]
[BlackElo "1762"]

1. e4 e5 2. Nf3 Nc6 3. Bc4 Nf6 4. d3 h6 5. O-O Bc5 6. c3 a6 7. b4 b5 8. Bxf7+
Kxf7 9. bxc5 Qe7 10. Qb3+ Kf8 11. a4 Qxc5 12. Ba3 1-0

[Event "AUTO-ADV-2851"]
[Site "http://www.queenalice.com/game.php?id=1182064"]
[Date "2013.5.17"]
[Round "1"]
[White "jiujitsubr"]
[Black "Oguh"]
[Result "1-0"]
[WhiteElo "1895"]
[BlackElo "1755"]

1. d4 d6 2. c4 g6 3. Nc3 Bg7 4. e4 e5 5. d5 Nf6 6. f3 c6 7. Be3 Na6 8. Qd2 Bd7
9. Nge2 b5 10. cxb5 cxb5 11. Ng3 Nc7 12. a3 a6 13. Be2 a5 14. O-O O-O 15. Bh6 b4
16. axb4 axb4 17. Bxg7 Kxg7 18. Rxa8 1-0

[Event "AUTO-ADV-2851"]
[Site "http://www.queenalice.com/game.php?id=1182065"]
[Date "2013.5.17"]
[Round "1"]
[White "Oguh"]
[Black "jiujitsubr"]
[Result "0-1"]
[WhiteElo "1753"]
[BlackElo "1784"]

1. e4 c5 2. c4 d6 3. Nc3 Nf6 4. d3 g6 5. h3 Bg7 6. g4 Nc6 7. Be2 O-O 8. g5 Nd7
9. Be3 Qb6 10. b3 Bxc3+ 11. Bd2 Bxa1 12. Qxa1 Nd4 13. f4 Nc2+ 0-1

[Event "AUTO-ADV-2851"]
[Site "http://www.queenalice.com/game.php?id=1182076"]
[Date "2013.5.17"]
[Round "1"]
[White "elisangela"]
[Black "Oguh"]
[Result "1-0"]
[WhiteElo "1815"]
[BlackElo "1745"]

1. e3 e5 2. a3 Nf6 3. h3 Nc6 4. b4 h5 5. Bb2 a6 6. b5 axb5 7. Bxb5 Na7 8. Bc4 d5
9. Ba2 c5 10. Bxe5 Be6 11. Nf3 Nc6 12. Bb2 1-0

[Event "AUTO-ADV-2851"]
[Site "http://www.queenalice.com/game.php?id=1182077"]
[Date "2013.5.17"]
[Round "1"]
[White "Oguh"]
[Black "elisangela"]
[Result "0-1"]
[WhiteElo "1732"]
[BlackElo "1828"]

1. e4 e6 2. d4 h6 3. a3 Qh4 4. Qf3 Nf6 5. Bd3 Qg4 6. Qxg4 Nxg4 7. f3 Nf6 8. Nc3
a6 9. Nge2 g5 10. g4 h5 0-1